Vývoj rozvrhového systému - backend

Uložené v:
Podrobná bibliografia
Hlavný autor: Kršek, Martin (Autor)
Ďalší autori: Jókay, Matúš (Vedúci práce)
Médium: Rukopis Kniha
Jazyk:Slovak
Vydavateľské údaje: Bratislava : STU v Bratislave FEI, 2023
Predmet:
On-line prístup:https://opac.crzp.sk/?fn=detailBiblioFormChildYLDH5&sid=C0DEB8E07572332BA32A0815805F&seo=CRZP-detail-kniha
Tagy: Pridať tag
Žiadne tagy, Buďte prvý, kto otaguje tento záznam!

MARC

LEADER 00000ntm a22000003a 4500
001 stuzp91893
003 SK-STU
005 20241212141726.9
007 ta
008 150427s2015----xo-----f-mn---000-0-slo-d
040 |a STU  |b slo 
041 0 |a slo 
044 |a xo 
100 1 |a Kršek, Martin  |u 035000  |4 aut  |U FEI Fakulta elektrotechniky a informatiky  |T FEI Ústav informatiky a matematiky  |X 93567  |U E050  |Y 816  |7 93567 
242 0 1 |a Timetable system development - backend  |y eng 
245 1 0 |a Vývoj rozvrhového systému - backend 
260 |a Bratislava :  |b STU v Bratislave FEI,  |c 2023 
300 |a 57 s. 
650 4 |a kolízie  |2 slo 
650 4 |a REST  |2 slo 
650 4 |a django framework  |2 slo 
650 4 |a backend  |2 slo 
650 4 |a webová aplikácia  |2 slo 
650 4 |a tvorba rozvrhu  |2 slo 
650 4 |a timetable creation  |2 eng 
650 4 |a django framework  |2 eng 
650 4 |a REST  |2 eng 
650 4 |a web application  |2 eng 
650 4 |a backend  |2 eng 
650 4 |a collisions  |2 eng 
700 1 |a Jókay, Matúš  |u 035000  |k Z1  |4 ths  |U FEI Fakulta elektrotechniky a informatiky  |T FEI Ústav informatiky a matematiky  |X 10139  |U E050  |Y 816  |7 A000010139 
856 4 |u https://opac.crzp.sk/?fn=detailBiblioFormChildYLDH5&sid=C0DEB8E07572332BA32A0815805F&seo=CRZP-detail-kniha